Islamic cultural center Bangalore (Record no. 8901)

000 -LEADER
fixed length control field 00580nam a22001937a 4500
008 - FIXED-LENGTH DATA ELEMENTS--GENERAL INFORMATION
fixed length control field 210303b ||||| |||| 00| 0 eng d
040 ## - CATALOGING SOURCE
Original cataloging agency BMS College of Architecture
100 ## - MAIN ENTRY--PERSONAL NAME
Personal name Iman
245 ## - TITLE STATEMENT
Title Islamic cultural center Bangalore
300 ## - PHYSICAL DESCRIPTION
Extent 49p.
500 ## - GENERAL NOTE
General note 1BM10AT083
502 ## - DISSERTATION NOTE
Degree type B.Arch
Name of granting institution BMS College of Architecture, Visvesvaraya Technological University (VTU)
Dissertation note Project Report
Year degree granted 2014
650 ## - SUBJECT ADDED ENTRY--TOPICAL TERM
Topical term or geographic name as entry element Islamic
650 ## - SUBJECT ADDED ENTRY--TOPICAL TERM
Topical term or geographic name as entry element Bangalore
700 ## - ADDED ENTRY--PERSONAL NAME
Personal name Bhaghyalaxmi M
Relator term Guide
700 ## - ADDED ENTRY--PERSONAL NAME
Personal name Dakshayini R, Patil
Relator term Guide
700 ## - ADDED ENTRY--PERSONAL NAME
Personal name Shanthala V
Relator term Guide
942 ## - ADDED ENTRY ELEMENTS (KOHA)
Source of classification or shelving scheme
Koha item type UG-Thesis and Dissertations
Holdings
Withdrawn status Lost status Source of classification or shelving scheme Damaged status Not for loan Permanent Location Current Location Date acquired Barcode Date last seen Koha item type
          BMS College of Architecture, Design and Planning BMS College of Architecture, Design and Planning 2021-03-03 AR-UGP520 2021-03-03 UG-Thesis and Dissertations
Copyright © 2025, The Librarian, Library and Information Centre, BMSCA D&P, Bengaluru. All Rights Reserved
web counter

Powered by Koha